American Born Captains of Canadian NHL Teams - Statistics

General Stats
  • This quiz has been taken 5 times
  • The average score is 7 of 13
Answer Stats
Team Years Answer % Correct
Ottawa Senators 2021-Present Brady Tkachuk
100%
Winnipeg Jets (Original) 1993-95 Keith Tkachuk
100%
Toronto Maple Leafs 2024-Present Auston Matthews
75%
Winnipeg Jets 2016-22 Blake Wheeler
75%
Montreal Canadiens 2015-18 Max Pacioretty
75%
Vancouver Canucks 2023-26 Quinn Hughes
75%
Montreal Canadiens 2010-14 Brian Gionta
50%
Edmonton Oilers 1999-2001 Dough Weight
50%
Montreal Canadiens 1989-90 Chris Chelios
25%
Calgary Flames 2002-03 Craig Conroy
25%
Winnipeg Jets (Original) 1981-82 Dave Christian
0%
Edmonton Oilers 1981-83 Lee Fogolin
0%
Quebec Nordiques 1981 Robbie Ftorek
0%
No matching quizzes found
Score Distribution
Percent of People with Each Score
Percentile by Number Answered
Your Score History
You have not taken this quiz